[Event "Chess.com U20 Speed"]
[Site "Chess.com INT"]
[Date "2020.09.19"]
[Round "1.13"]
[White "Parham Maghsoodloo"]
[Black "Rameshbabu Praggnanandhaa"]
[Result "0-1"]
[EventDate "?"]
[WhiteElo "2676"]
[BlackElo "2608"]
[Source "chessbites.com; date by Chess Assistant 21"]
[PlyCount "40"]

1. e4 c5 2. Nf3 Nc6 3. Bb5 g6 4. Bxc6 bxc6 5. O-O Bg7 6. Re1 Nh6 7. c3 O-O 8. h3 d5 9. e5 f6 10. d4 cxd4 11. cxd4 fxe5 12. Bxh6 Bxh6 13. Nxe5 Qb6 14. Re2 Rf4 15. Qc2 Bf5 16. Qxc6 Rc8 17. Qa4 Rxd4 18. Qa3 Rd1+ 19. Kh2 Bf4+ 20. g3 Bxe5 0-1

[Event "Chess.com U20 Speed"]
[Site "Chess.com INT"]
[Date "2020.09.19"]
[Round "1.17"]
[White "Parham Maghsoodloo"]
[Black "Rameshbabu Praggnanandhaa"]
[Result "0-1"]
[EventDate "?"]
[WhiteElo "2676"]
[BlackElo "2608"]
[Source "chessbites.com; date by Chess Assistant 21"]
[PlyCount "198"]

1. c4 e5 2. g3 Nf6 3. Nc3 d5 4. cxd5 Nxd5 5. Bg2 Nb6 6. e3 Be7 7. Nge2 O-O 8. O-O c6 9. f4 N8d7 10. fxe5 Nxe5 11. d4 Ng6 12. e4 c5 13. d5 f5 14. Nf4 Ne5 15. Ne6 Bxe6 16. dxe6 fxe4 17. Bxe4 Qd4+ 18. Qxd4 cxd4 19. Rxf8+ Rxf8 20. Nb5 g5 21. Kg2 d3 22. Be3 Nbc4 23. Bd4 a6 24. Nc3 Nc6 25. Bg1 d2 26. Nd5 Nxb2 27. Nxe7+ Nxe7 28. Bc5 d1=Q 29. Rxd1 Nxd1 30. Bxe7 Ne3+ 31. Kh3 g4+ 32. Kh4 Re8 33. Bg5 Rxe6 34. Bxb7 Kg7 35. Bxe3 Rxe3 36. Bxa6 Ra3 37. Bc4 Kg6 38. Bb5 Rxa2 39. Kxg4 Rxh2 40. Bd3+ Kf6 41. Kf4 h6 42. Be4 Rf2+ 43. Bf3 Rb2 44. Be4 Rb4 45. Kf3 Ke5 46. Bc6 Rc4 47. Bb7 Rc3+ 48. Kf2 Kf5 49. Bf3 Kg5 50. Kg2 Rc2+ 51. Kg1 Kf5 52. Kf1 Ke5 53. Kg1 Kd4 54. Bb7 Ke3 55. Bd5 Rf2 56. Bc6 Rf6 57. Bb7 Rf2 58. Bc6 h5 59. Bb7 Rf7 60. Ba8 Rg7 61. Kh2 Kf2 62. Kh3 Rxg3+ 63. Kh4 Rg8 64. Bd5 Rg7 65. Be6 Ke3 66. Kxh5 Kf4 67. Kh6 Rg5 68. Bf7 Rg3 69. Bg6 Ke5 70. Kh7 Kf6 71. Be4 Rh3+ 72. Kg8 Re3 73. Bc2 Rg3+ 74. Kh8 Rh3+ 75. Bh7 Rc3 76. Bg8 Rc7 77. Bh7 Kf7 78. Bd3 Rc8+ 79. Kh7 Rc3 80. Bg6+ Kf6 81. Bb1 Rc1 82. Bd3 Rd1 83. Bc2 Rd8 84. Be4 Re8 85. Bd3 Rd8 86. Bc2 Kf7 87. Bb3+ Kf8 88. Bc2 Rd2 89. Bf5 Rf2 90. Kg6 Ke7 91. Be4 Ke6 92. Kg7 Ke5 93. Bg6 Rg2 94. Kf7 Rb2 95. Bh7 Rb7+ 96. Kg8 Kf6 97. Kh8 Rb8+ 98. Bg8 Rb4 99. Kh7 Rh4# 0-1

[Event "Chess.com U20 Speed"]
[Site "Chess.com INT"]
[Date "2020.09.19"]
[Round "1.19"]
[White "Parham Maghsoodloo"]
[Black "Rameshbabu Praggnanandhaa"]
[Result "0-1"]
[EventDate "?"]
[WhiteElo "2676"]
[BlackElo "2608"]
[Source "chessbites.com; date by Chess Assistant 21"]
[PlyCount "140"]

1. Nf3 Nf6 2. c4 e6 3. g3 d5 4. b3 Be7 5. Bg2 O-O 6. O-O c5 7. Bb2 Nc6 8. Ne5 Bd7 9. e3 Nxe5 10. Bxe5 Bc6 11. Qe2 Nd7 12. Bb2 Bf6 13. Bxf6 Qxf6 14. Nc3 d4 15. Bxc6 bxc6 16. Ne4 Qe7 17. f4 Rae8 18. Rae1 f5 19. Ng5 e5 20. exd4 cxd4 21. Nf3 e4 22. Nxd4 Qd6 23. Qe3 Nc5 24. Rd1 Rd8 25. Ne2 Nd3 26. Nc1 Nb2 27. Rde1 Qxd2 28. Qxa7 Rd4 29. Re2 Qc3 30. Rg2 Nd1 31. Ne2 Qe3+ 32. Kh1 Rd2 33. Qxe3 Nxe3 34. Re1 Nxg2 35. Kxg2 Rxa2 36. Kh3 Rd8 37. g4 Rd3+ 38. Ng3 Rdd2 39. gxf5 Rxh2+ 40. Kg4 Rab2 41. f6 gxf6 42. Nxe4 Kf7 43. Nd6+ Kg6 44. f5+ Kh6 45. Re7 Rbg2+ 46. Kf3 Rg7 47. Nf7+ Kh5 48. b4 Rh3+ 49. Ke4 Rh4+ 50. Kd3 Rg3+ 51. Kd2 Rh2+ 52. Re2 Rxe2+ 53. Kxe2 Rb3 54. Nd8 Rxb4 55. Kd3 c5 56. Ne6 Kg4 57. Nxc5 h5 58. Ne4 h4 59. Nxf6+ Kxf5 60. Nd5 Rb3+ 61. Ke2 h3 62. Kf2 Kg4 63. Ne3+ Kf4 64. Nd5+ Ke4 65. Kg1 Kf3 66. Kh2 Kg4 67. c5 Rb2+ 68. Kg1 Kg3 69. Ne3 h2+ 70. Kh1 Rb1+ 0-1

[Event "Chess.com U20 Speed"]
[Site "Chess.com INT"]
[Date "2020.09.19"]
[Round "1.23"]
[White "Parham Maghsoodloo"]
[Black "Rameshbabu Praggnanandhaa"]
[Result "0-1"]
[EventDate "?"]
[WhiteElo "2676"]
[BlackElo "2608"]
[Source "chessbites.com; date by Chess Assistant 21"]
[PlyCount "114"]

1. Nf3 d5 2. c4 d4 3. b4 g5 4. Bb2 Bg7 5. h3 h6 6. e3 e5 7. d3 Ne7 8. exd4 exd4 9. Be2 O-O 10. Nbd2 a5 11. b5 a4 12. O-O a3 13. Bc1 f5 14. Nb3 Ng6 15. Nfd2 Nf4 16. Re1 g4 17. Bf1 gxh3 18. g3 Ng2 19. Bxg2 hxg2 20. Qh5 b6 21. Nf3 Bb7 22. Bf4 Nd7 23. Nh4 Qf6 24. Re2 Qf7 25. Qxf7+ Rxf7 26. Rae1 Bf6 27. Nxf5 Kh7 28. Nxh6 Rg7 29. Re6 Rh8 30. Rc6 Kg6 31. Ng4 Rh1+ 32. Kxg2 Rxe1 33. Bxc7 Nc5 34. Nxc5 bxc5 35. Bf4 Bxc6+ 36. bxc6 Bd8 37. Ne5+ Kf5 38. Nd7 Re2 39. Nxc5 Rxa2 40. Nb3 Rb2 41. Nxd4+ Kf6 42. Nf3 Bc7 43. Be3 Rb3 44. Bd4+ Kg6 45. Nh4+ Kh7 46. Ba1 Rf7 47. Nf5 Rxf5 48. g4 Rf4 49. d4 Rxg4+ 50. Kf1 Rg1+ 51. Ke2 Rxa1 52. d5 Ra2+ 53. Kf1 Rxf2+ 54. Kxf2 a2 55. d6 a1=Q 56. c5 Qa2+ 57. Kf1 Rb1# 0-1

[Event "Chess.com U20 Speed"]
[Site "Chess.com INT"]
[Date "2020.09.19"]
[Round "1.10"]
[White "Rameshbabu Praggnanandhaa"]
[Black "Parham Maghsoodloo"]
[Result "1-0"]
[EventDate "?"]
[WhiteElo "2608"]
[BlackElo "2676"]
[Source "chessbites.com; date by Chess Assistant 21"]
[PlyCount "60"]

1. e4 e5 2. Nf3 Nc6 3. Bb5 Nf6 4. d3 Bc5 5. Nbd2 O-O 6. Bxc6 dxc6 7. Nc4 Nd7 8. Qe2 Re8 9. h4 a5 10. Rg1 a4 11. g4 Nf8 12. Ncxe5 a3 13. c3 axb2 14. Bxb2 Be6 15. g5 Qd6 16. h5 Bxa2 17. Ng4 Be6 18. Nf6+ gxf6 19. gxf6+ Ng6 20. Qd2 Rxa1+ 21. Bxa1 Ra8 22. Bb2 Qf8 23. Ng5 Ra2 24. hxg6 fxg6 25. Nxe6 Qxf6 26. Nxc5 b6 27. Nb3 c5 28. Nc1 Ra8 29. c4 Qh4 30. Qc3 1-0

[Event "Chess.com U20 Speed"]
[Site "Chess.com INT"]
[Date "2020.09.19"]
[Round "1.16"]
[White "Rameshbabu Praggnanandhaa"]
[Black "Parham Maghsoodloo"]
[Result "1-0"]
[EventDate "?"]
[WhiteElo "2608"]
[BlackElo "2676"]
[Source "chessbites.com; date by Chess Assistant 21"]
[PlyCount "80"]

1. e4 d6 2. d4 Nf6 3. Nc3 g6 4. Be3 Bg7 5. Qd2 c6 6. Nf3 Bg4 7. Ng1 b5 8. h3 Bc8 9. Bd3 Nbd7 10. Nf3 e5 11. O-O Bb7 12. dxe5 dxe5 13. a4 a6 14. Ne2 O-O 15. Ng3 Qe7 16. c4 b4 17. c5 a5 18. Rac1 Rfd8 19. Qe2 Nf8 20. Bc4 h6 21. Rfd1 Ne8 22. Nf1 Ne6 23. N1d2 Nf4 24. Bxf4 exf4 25. e5 Nc7 26. Ne4 Bxe5 27. Bxf7+ Kg7 28. Bc4 Nd5 29. Re1 Re8 30. Qc2 Rad8 31. Nd6 Bxd6 32. Rxe7+ Bxe7 33. Ne5 Kf6 34. Re1 Ne3 35. Qxg6+ Kxe5 36. fxe3 fxe3 37. Qe6+ Kd4 38. Qxe3+ Kxc4 39. b3+ Kd5 40. Rd1# 1-0

[Event "Chess.com U20 Speed"]
[Site "Chess.com INT"]
[Date "2020.09.19"]
[Round "1.24"]
[White "Rameshbabu Praggnanandhaa"]
[Black "Parham Maghsoodloo"]
[Result "1-0"]
[EventDate "?"]
[WhiteElo "2608"]
[BlackElo "2676"]
[Source "chessbites.com; date by Chess Assistant 21"]
[PlyCount "58"]

1. e4 e5 2. Nf3 Nc6 3. Bb5 a6 4. Ba4 Nf6 5. d3 Bc5 6. O-O b5 7. Bb3 d6 8. a4 Rb8 9. axb5 axb5 10. c3 O-O 11. h3 h6 12. Nbd2 Re8 13. Re1 b4 14. Nf1 bxc3 15. bxc3 Bb6 16. Ng3 Be6 17. Ba4 Bd7 18. Bc2 Ne7 19. d4 Ng6 20. Be3 Qc8 21. Qd2 Bxh3 22. Bxh6 Bxg2 23. Kxg2 Qg4 24. Rh1 exd4 25. Bxg7 Nf4+ 26. Kf1 Qxf3 27. Bxf6 Ng6 28. Qg5 d3 29. Rh8# 1-0

[Event "Chess.com U20 Speed"]
[Site "Chess.com INT"]
[Date "2020.09.19"]
[Round "1.26"]
[White "Rameshbabu Praggnanandhaa"]
[Black "Parham Maghsoodloo"]
[Result "1-0"]
[EventDate "?"]
[WhiteElo "2608"]
[BlackElo "2676"]
[Source "chessbites.com; date by Chess Assistant 21"]
[PlyCount "112"]

1. e4 e6 2. d4 d5 3. Nc3 Bb4 4. e5 Qd7 5. h4 b6 6. h5 Ba6 7. Bxa6 Nxa6 8. Qg4 Bf8 9. Nge2 c5 10. Be3 Nb4 11. Rc1 Rc8 12. a3 Nc6 13. h6 Nxh6 14. Bxh6 gxh6 15. Rh5 cxd4 16. Nxd4 Nxd4 17. Qxd4 Rg8 18. Kf1 Rg6 19. Ne2 Rc4 20. Qd3 Qc7 21. g3 Bg7 22. Nf4 Rg5 23. Qxh7 Qxe5 24. Re1 Re4 25. Rxe4 dxe4 26. Rxg5 hxg5 27. Nh5 Kf8 28. c3 b5 29. Nxg7 Qxg7 30. Qxe4 Qh6 31. Qa8+ Kg7 32. Kg1 g4 33. Qxa7 Qc1+ 34. Kg2 Qxb2 35. Qd4+ Kf8 36. Qc5+ Ke8 37. Qc8+ Ke7 38. Qb7+ Kf6 39. a4 Qxc3 40. axb5 Qb3 41. b6 Kg5 42. Qc6 f5 43. b7 f4 44. gxf4+ Kh4 45. Qc7 Qf3+ 46. Kg1 Qd1+ 47. Kh2 g3+ 48. fxg3+ Kg4 49. Qg7+ Kf3 50. Qc3+ Kg4 51. Qb2 Kf3 52. b8=Q e5 53. Q8b7+ Kg4 54. Qg7+ Kf3 55. Qg2+ Ke3 56. Qxe5+ 1-0

[Event "Chess.com U20 Speed"]
[Site "Chess.com INT"]
[Date "2020.09.19"]
[Round "1.1"]
[White "Parham Maghsoodloo"]
[Black "Rameshbabu Praggnanandhaa"]
[Result "1-0"]
[EventDate "?"]
[WhiteElo "2676"]
[BlackElo "2608"]
[Source "chessbites.com; date by Chess Assistant 21"]
[PlyCount "104"]

1. Nf3 d5 2. g3 Nf6 3. Bg2 e6 4. O-O Be7 5. c4 O-O 6. d4 dxc4 7. Qc2 c6 8. Qxc4 b5 9. Qc2 Bb7 10. Rd1 Nbd7 11. Nbd2 c5 12. dxc5 Nxc5 13. Nb3 Qc8 14. Be3 Be4 15. Qc3 Nxb3 16. axb3 Qb7 17. Qa5 Nd5 18. Bd4 a6 19. Rac1 Rfd8 20. h4 f6 21. Bc5 Bxc5 22. Rxc5 Rac8 23. b4 Nb6 24. Rdc1 Nc4 25. Qa2 Bd5 26. Qb1 Nd6 27. Ne1 Bxg2 28. Nxg2 Nf5 29. Nf4 Nd4 30. Rxc8 Rxc8 31. Rxc8+ Qxc8 32. e3 Nf3+ 33. Kg2 Qc6 34. Kh3 g5 35. Nh5 f5 36. e4 g4+ 37. Kg2 Nd2 38. Nf6+ Kf7 39. Qd3 Kxf6 40. Qxd2 Qxe4+ 41. Kh2 Kg6 42. Qg5+ Kf7 43. Qh5+ Kg7 44. Qg5+ Kf7 45. Qd2 Kg7 46. h5 h6 47. Qd7+ Kg8 48. Qe8+ Kg7 49. Qg6+ Kf8 50. Qxh6+ Ke7 51. Qg5+ Kd6 52. h6 1-0

[Event "Chess.com U20 Speed"]
[Site "Chess.com INT"]
[Date "2020.09.19"]
[Round "1.3"]
[White "Parham Maghsoodloo"]
[Black "Rameshbabu Praggnanandhaa"]
[Result "1-0"]
[EventDate "?"]
[WhiteElo "2676"]
[BlackElo "2608"]
[Source "chessbites.com; date by Chess Assistant 21"]
[PlyCount "78"]

1. e4 c5 2. Nf3 Nc6 3. Bb5 g6 4. Bxc6 bxc6 5. d3 Bg7 6. h3 d6 7. c3 Nf6 8. O-O O-O 9. Re1 e5 10. Be3 Bb7 11. Nbd2 h6 12. Qc2 Re8 13. d4 exd4 14. cxd4 cxd4 15. Bxd4 c5 16. Bc3 Re6 17. Re3 Qe7 18. Rae1 Re8 19. Bxf6 Qxf6 20. b3 Qf4 21. Qd3 h5 22. h4 Bh6 23. R3e2 Qg4 24. Qb5 Ba8 25. Qd7 d5 26. e5 Bc6 27. Qxa7 d4 28. Re4 Qf5 29. Qxc5 Bxd2 30. Nxd4 Bxe1 31. Nxf5 Bxe4 32. Nd6 Rxe5 33. Qc1 R8e7 34. Nc4 R5e6 35. Qxe1 Bxg2 36. Ne3 Bf3 37. Kh2 Bc6 38. Qc3 Re4 39. Qxc6 1-0

[Event "Chess.com U20 Speed"]
[Site "Chess.com INT"]
[Date "2020.09.19"]
[Round "1.5"]
[White "Parham Maghsoodloo"]
[Black "Rameshbabu Praggnanandhaa"]
[Result "1-0"]
[EventDate "?"]
[WhiteElo "2676"]
[BlackElo "2608"]
[Source "chessbites.com; date by Chess Assistant 21"]
[PlyCount "84"]

1. Nf3 d5 2. d4 Bf5 3. Nbd2 e6 4. g3 h6 5. Bg2 Nf6 6. O-O Nbd7 7. c4 c6 8. b3 Bd6 9. Bb2 O-O 10. Ne5 Qe7 11. f3 Bh7 12. Nxd7 Nxd7 13. e4 Ba3 14. Qc1 Bxb2 15. Qxb2 dxe4 16. fxe4 e5 17. d5 Nc5 18. Qc3 a5 19. a3 cxd5 20. exd5 Nd3 21. Be4 Qc5+ 22. Kg2 Bxe4+ 23. Nxe4 Qe3 24. Rf3 Qe2+ 25. Nf2 e4 26. Rxd3 exd3 27. Qxd3 Rfe8 28. Rd1 Re3 29. Qxe2 Rxe2 30. Kf3 Ra2 31. a4 Re8 32. d6 f5 33. Rd5 Rb2 34. d7 Rxb3+ 35. Kf4 Rd8 36. Nd3 Rc3 37. Ne5 g6 38. Rd6 Kh7 39. Nf7 Rxc4+ 40. Ke5 Rxd7 41. Rxd7 Rxa4 42. Kf6 1-0

[Event "Chess.com U20 Speed"]
[Site "Chess.com INT"]
[Date "2020.09.19"]
[Round "1.7"]
[White "Parham Maghsoodloo"]
[Black "Rameshbabu Praggnanandhaa"]
[Result "1-0"]
[EventDate "?"]
[WhiteElo "2676"]
[BlackElo "2608"]
[Source "chessbites.com; date by Chess Assistant 21"]
[PlyCount "78"]

1. Nf3 d5 2. g3 Nc6 3. d4 Bf5 4. Bg2 Nb4 5. Na3 e6 6. O-O Nf6 7. Ne1 Be7 8. c3 Nc6 9. Nac2 h6 10. Nd3 O-O 11. f3 Bd6 12. Nf2 Bxc2 13. Qxc2 e5 14. Rd1 Qe7 15. e4 dxe4 16. fxe4 Rad8 17. a3 Nd7 18. b4 a5 19. d5 Ncb8 20. Be3 axb4 21. axb4 c5 22. dxc6 Nxc6 23. Nd3 Nf6 24. Kh1 Rc8 25. Qe2 Nd8 26. Nc5 Ne6 27. Nxb7 Qxb7 28. Rxd6 Rxc3 29. b5 Rfc8 30. b6 Qb8 31. Rdd1 Nc5 32. Rab1 Nb3 33. Bg1 Rc2 34. Qb5 Nd4 35. Bxd4 exd4 36. Qf5 h5 37. e5 Ng4 38. Rf1 Rf8 39. Qxc2 1-0

[Event "Chess.com U20 Speed"]
[Site "Chess.com INT"]
[Date "2020.09.19"]
[Round "1.11"]
[White "Parham Maghsoodloo"]
[Black "Rameshbabu Praggnanandhaa"]
[Result "1-0"]
[EventDate "?"]
[WhiteElo "2676"]
[BlackElo "2608"]
[Source "chessbites.com; date by Chess Assistant 21"]
[PlyCount "68"]

1. e4 c5 2. Nf3 Nc6 3. Bb5 g6 4. Bxc6 bxc6 5. O-O Bg7 6. Re1 Nh6 7. c3 O-O 8. h3 d5 9. d3 c4 10. e5 cxd3 11. Qxd3 f6 12. exf6 exf6 13. Be3 a5 14. Bc5 Re8 15. Nbd2 Ba6 16. Qc2 Qd7 17. a4 Nf7 18. b4 axb4 19. cxb4 Ne5 20. Bd4 Rab8 21. Qc3 Qd6 22. Bc5 Qd7 23. Nb3 Bc4 24. Na5 Nxf3+ 25. Qxf3 f5 26. Rad1 Rxe1+ 27. Rxe1 Re8 28. Rxe8+ Qxe8 29. Qe3 Qc8 30. Bd4 Bf8 31. Qe5 Kf7 32. Qf6+ Ke8 33. Nxc6 Qd7 34. b5 1-0

[Event "Chess.com U20 Speed"]
[Site "Chess.com INT"]
[Date "2020.09.19"]
[Round "1.15"]
[White "Parham Maghsoodloo"]
[Black "Rameshbabu Praggnanandhaa"]
[Result "1-0"]
[EventDate "?"]
[WhiteElo "2676"]
[BlackElo "2608"]
[Source "chessbites.com; date by Chess Assistant 21"]
[PlyCount "68"]

1. Nf3 d5 2. c4 d4 3. e3 Nc6 4. d3 e5 5. exd4 exd4 6. g3 Nf6 7. Bg2 Bb4+ 8. Bd2 Qe7+ 9. Qe2 Qxe2+ 10. Kxe2 Bf5 11. Nh4 Bg4+ 12. Bf3 O-O-O 13. h3 Rhe8+ 14. Kd1 Bd7 15. a3 Bxd2 16. Nxd2 g5 17. Ng2 Ne5 18. Be2 Bf5 19. Ne1 h5 20. Ndf3 g4 21. Nxe5 Rxe5 22. Ng2 gxh3 23. Nf4 Ng4 24. Kd2 Nxf2 25. Rh2 Ng4 26. Rxh3 Nf6 27. Rh4 Bg6 28. Rf1 Rde8 29. Bd1 Rf5 30. Bf3 Re3 31. Bg2 Kd8 32. Bh3 Rg5 33. Nxg6 Rxg6 34. Rxd4+ 1-0

[Event "Chess.com U20 Speed"]
[Site "Chess.com INT"]
[Date "2020.09.19"]
[Round "1.21"]
[White "Parham Maghsoodloo"]
[Black "Rameshbabu Praggnanandhaa"]
[Result "1-0"]
[EventDate "?"]
[WhiteElo "2676"]
[BlackElo "2608"]
[Source "chessbites.com; date by Chess Assistant 21"]
[PlyCount "78"]

1. Nf3 Nf6 2. d4 b6 3. Bf4 Bb7 4. Nbd2 g6 5. h3 Bg7 6. c3 O-O 7. Qc2 c5 8. e3 d6 9. a4 Nbd7 10. Be2 Rc8 11. O-O a6 12. Qb1 Rc7 13. e4 cxd4 14. cxd4 Qa8 15. Bd3 Rd8 16. Re1 e5 17. Bh2 exd4 18. Bxd6 Rc6 19. e5 Ne8 20. Be7 Nc5 21. Bxd8 Qxd8 22. Bc4 Nc7 23. b4 N5e6 24. Qe4 Ba8 25. Qg4 Nd5 26. b5 axb5 27. axb5 Rc5 28. Ra7 h5 29. Qe4 Ndc7 30. Rxa8 Nxa8 31. Bxe6 fxe6 32. Qxg6 Nc7 33. Ne4 Rxb5 34. Nf6+ Kf8 35. Nxh5 Qe7 36. Nxd4 Rd5 37. Nf3 Qf7 38. Qg5 b5 39. Re4 1-0

[Event "Chess.com U20 Speed"]
[Site "Chess.com INT"]
[Date "2020.09.19"]
[Round "1.25"]
[White "Parham Maghsoodloo"]
[Black "Rameshbabu Praggnanandhaa"]
[Result "1-0"]
[EventDate "?"]
[WhiteElo "2676"]
[BlackElo "2608"]
[Source "chessbites.com; date by Chess Assistant 21"]
[PlyCount "92"]

1. e4 c5 2. Nc3 Nc6 3. Bb5 Nd4 4. Nf3 e6 5. O-O a6 6. Bd3 Nc6 7. e5 Qc7 8. Re1 Nge7 9. Be4 Ng6 10. Bxg6 hxg6 11. d3 b5 12. Bf4 Bb7 13. Ne4 O-O-O 14. c4 f6 15. cxb5 axb5 16. Nc3 g5 17. Bg3 g4 18. exf6 Qb6 19. Nh4 gxf6 20. a4 b4 21. Nb5 e5 22. Ng6 Rg8 23. Nxf8 Rdxf8 24. Rc1 Ba6 25. Nd6+ Kc7 26. Ne4 d6 27. d4 Nxd4 28. Nxc5 Kd8 29. Nxa6 Qxa6 30. Re4 Kd7 31. Rxd4 exd4 32. Qxd4 Rc8 33. Rd1 Rge8 34. Bxd6 Qc4 35. Qa7+ Ke6 36. Bg3 Qd5 37. Rf1 Re7 38. Re1+ Qe5 39. Rxe5+ fxe5 40. Qa6+ Kd7 41. h3 Rc1+ 42. Kh2 gxh3 43. Qb5+ Ke6 44. gxh3 Rd7 45. a5 Kf7 46. Qxe5 1-0

[Event "Chess.com U20 Speed"]
[Site "Chess.com INT"]
[Date "2020.09.19"]
[Round "1.2"]
[White "Rameshbabu Praggnanandhaa"]
[Black "Parham Maghsoodloo"]
[Result "0-1"]
[EventDate "?"]
[WhiteElo "2608"]
[BlackElo "2676"]
[Source "chessbites.com; date by Chess Assistant 21"]
[PlyCount "56"]

1. e4 e5 2. Nf3 Nc6 3. Bb5 Nf6 4. d3 Ne7 5. Bc4 Ng6 6. h4 d5 7. exd5 Nxd5 8. Nc3 Bb4 9. Bd2 Bxc3 10. bxc3 Bg4 11. h5 Ngf4 12. g3 Nxh5 13. Rh4 Nhf6 14. Bg5 Qd6 15. Qe2 O-O-O 16. Bxd5 Qxd5 17. Rxg4 Nxg4 18. Bxd8 Rxd8 19. Rb1 f5 20. Rb4 Qxa2 21. Ng5 e4 22. Rd4 Qa1+ 23. Kd2 Rxd4 24. cxd4 Nh2 25. dxe4 Nf1+ 26. Kd3 Qa6+ 27. c4 Qa3+ 28. Kc2 Qa2+ 0-1

[Event "Chess.com U20 Speed"]
[Site "Chess.com INT"]
[Date "2020.09.19"]
[Round "1.6"]
[White "Rameshbabu Praggnanandhaa"]
[Black "Parham Maghsoodloo"]
[Result "0-1"]
[EventDate "?"]
[WhiteElo "2608"]
[BlackElo "2676"]
[Source "chessbites.com; date by Chess Assistant 21"]
[PlyCount "120"]

1. e4 e5 2. Nf3 Nc6 3. Bc4 Bc5 4. d3 Nf6 5. O-O d6 6. c3 a5 7. Nbd2 O-O 8. h3 h6 9. Bb5 Na7 10. Ba4 b5 11. Bc2 Nc6 12. Re1 Re8 13. Nf1 d5 14. exd5 Qxd5 15. Ng3 Qd6 16. Be3 Bxe3 17. Rxe3 Nd5 18. Re1 Be6 19. d4 exd4 20. Ne4 Qf8 21. cxd4 Ndb4 22. Nc3 Nxc2 23. Qxc2 Nb4 24. Qd2 c6 25. Ne5 Rac8 26. a3 Nd5 27. Ne4 a4 28. Rac1 Bf5 29. Ng3 f6 30. Nxc6 Rxe1+ 31. Rxe1 Bxh3 32. Na7 Ra8 33. Nxb5 Bd7 34. Nc3 Nb6 35. d5 Nc4 36. Qe2 Re8 37. Nge4 Nxa3 38. bxa3 f5 39. Qa2 fxe4 40. Rxe4 Rc8 41. Re3 Kh8 42. Qb2 Rb8 43. Qa1 Rb3 44. Ne4 Rxe3 45. fxe3 Qe7 46. Qd4 Qxa3 47. Nc5 Qc1+ 48. Kh2 a3 49. Nxd7 a2 50. Qe5 Qc8 51. Nb6 Qd8 52. d6 Qh4+ 53. Kg1 Qe1+ 54. Kh2 a1=Q 55. Qe8+ Kh7 56. Qe4+ g6 57. d7 Qh1+ 58. Kg3 Qae1+ 59. Kf4 Qh2+ 60. Kf3 Qhg3# 0-1

[Event "Chess.com U20 Speed"]
[Site "Chess.com INT"]
[Date "2020.09.19"]
[Round "1.14"]
[White "Rameshbabu Praggnanandhaa"]
[Black "Parham Maghsoodloo"]
[Result "0-1"]
[EventDate "?"]
[WhiteElo "2608"]
[BlackElo "2676"]
[Source "chessbites.com; date by Chess Assistant 21"]
[PlyCount "68"]

1. e4 e5 2. Nf3 Nc6 3. Bb5 a6 4. Ba4 Nf6 5. O-O b5 6. Bb3 Bc5 7. a4 Rb8 8. c3 d6 9. d4 Bb6 10. h3 O-O 11. Be3 exd4 12. cxd4 Nxe4 13. Bd5 Qe8 14. Re1 Nb4 15. Bxe4 Qxe4 16. Bd2 Qg6 17. Bxb4 Bxh3 18. g3 f5 19. Nbd2 a5 20. Bc3 b4 21. Bxb4 axb4 22. a5 Ba7 23. Qb3+ Kh8 24. Re7 f4 25. Rxc7 fxg3 26. Rxa7 gxf2+ 27. Kxf2 Qg2+ 28. Ke1 Rfe8+ 29. Ne5 dxe5 30. Qf7 exd4+ 31. Kd1 Qe2+ 32. Kc2 Rbc8+ 33. Rc7 Rxc7+ 34. Qxc7 Rc8 0-1

[Event "Chess.com U20 Speed"]
[Site "Chess.com INT"]
[Date "2020.09.19"]
[Round "1.18"]
[White "Rameshbabu Praggnanandhaa"]
[Black "Parham Maghsoodloo"]
[Result "0-1"]
[EventDate "?"]
[WhiteElo "2608"]
[BlackElo "2676"]
[Source "chessbites.com; date by Chess Assistant 21"]
[PlyCount "76"]

1. e4 e5 2. Nf3 Nc6 3. Bb5 Nf6 4. d3 d6 5. Nc3 g6 6. d4 Bd7 7. Bxc6 Bxc6 8. dxe5 Nxe4 9. Qe2 Nxc3 10. bxc3 Qe7 11. O-O Bg7 12. Re1 O-O 13. Ba3 Rfe8 14. Qd3 Qd7 15. exd6 cxd6 16. Nd4 d5 17. h3 h5 18. Rad1 a6 19. Bc1 Ba4 20. Bg5 Rac8 21. Qd2 Qc7 22. Rxe8+ Rxe8 23. Bf4 Qc4 24. Rb1 b5 25. Bh6 Bxh6 26. Qxh6 Qxc3 27. Qf4 Re4 28. Qb8+ Kg7 29. Nf3 Bxc2 30. Rc1 Qb2 31. Rf1 Qf6 32. Qg3 d4 33. Ng5 Re7 34. h4 d3 35. Nf3 Re4 36. Qb8 Rf4 37. Ng5 Rxh4 38. Nf3 Re4 0-1

[Event "Chess.com U20 Speed"]
[Site "Chess.com INT"]
[Date "2020.09.19"]
[Round "1.20"]
[White "Rameshbabu Praggnanandhaa"]
[Black "Parham Maghsoodloo"]
[Result "0-1"]
[EventDate "?"]
[WhiteElo "2608"]
[BlackElo "2676"]
[Source "chessbites.com; date by Chess Assistant 21"]
[PlyCount "108"]

1. e4 e5 2. Nf3 Nc6 3. Bc4 Bc5 4. c3 Nf6 5. d3 d6 6. Bb3 a5 7. h3 h6 8. Nbd2 Bd7 9. Qe2 Ba7 10. g4 Ne7 11. Nf1 Ng6 12. Ng3 a4 13. Bc2 c6 14. g5 hxg5 15. Bxg5 Qb6 16. O-O-O Qxf2 17. Qxf2 Bxf2 18. Nf5 Bxf5 19. exf5 Ne7 20. d4 e4 21. Bxf6 exf3 22. Bxg7 Rh5 23. Rhf1 Be3+ 24. Kb1 f2 25. f6 Nd5 26. Rd3 b5 27. Bd1 Rxh3 28. Rxf2 Rh1 29. Re2 Kd7 30. Kc2 Bg5 31. Rg3 Bf4 32. Rf3 Re8 33. Rxe8 Kxe8 34. Be2 Bh6 35. Rf2 Bxg7 36. fxg7 Rg1 37. c4 bxc4 38. Bxc4 Ne3+ 39. Kd3 Nxc4 40. Kxc4 Rxg7 41. b3 axb3 42. a4 Rg3 43. a5 Ke7 44. a6 b2 45. Rxb2 Ra3 46. Rb7+ Ke6 47. a7 f5 48. Kb4 Ra1 49. Kc3 f4 50. Kd3 Kd5 51. Rf7 Ra3+ 52. Ke2 f3+ 53. Kf2 Kxd4 54. Rf5 d5 0-1

[Event "Chess.com U20 Speed"]
[Site "Chess.com INT"]
[Date "2020.09.19"]
[Round "1.22"]
[White "Rameshbabu Praggnanandhaa"]
[Black "Parham Maghsoodloo"]
[Result "0-1"]
[EventDate "?"]
[WhiteElo "2608"]
[BlackElo "2676"]
[Source "chessbites.com; date by Chess Assistant 21"]
[PlyCount "78"]

1. e4 c5 2. Nf3 Nc6 3. Bb5 g6 4. Bxc6 dxc6 5. d3 Bg7 6. a4 a5 7. O-O h6 8. Na3 g5 9. Nc4 Be6 10. Qe2 Nf6 11. Be3 Nd7 12. Nfd2 b5 13. axb5 cxb5 14. Na3 Bxb2 15. Nxb5 Qb6 16. c4 Bxa1 17. Rxa1 a4 18. d4 f6 19. d5 Bf7 20. f4 a3 21. h4 gxh4 22. Nf3 h3 23. g3 Bh5 24. Qf2 Ra4 25. Nd2 Rg8 26. Kh2 Rxc4 27. Nxc4 Qxb5 28. Nxa3 Qd3 29. Nc2 Qxe4 30. Ra7 Qxd5 31. Bd2 Bf3 32. Ne3 Qe4 33. Ba5 c4 34. Bb4 h5 35. Kxh3 h4 36. g4 f5 37. Nxf5 Bxg4+ 38. Kh2 Bxf5 39. Bc3 h3 0-1

[Event "Titled Tuesday intern op 01st Sept"]
[Site "Chess.com INT"]
[Date "2020.09.01"]
[Round "1"]
[White "Rameshbabu Praggnanandhaa"]
[Black "Ashritha Eswaran"]
[Result "1-0"]
[EventDate "?"]
[WhiteElo "2608"]
[BlackElo "2244"]
[Source "chessbites.com"]
[PlyCount "154"]

1. d4 Nf6 2. Bf4 e6 3. e3 c5 4. Nf3 d5 5. Nbd2 Nc6 6. c3 Bd6 7. Bg3 O-O 8. Bd3 b6 9. e4 Be7 10. e5 Nh5 11. Ng5 Bxg5 12. Qxh5 g6 13. Qe2 cxd4 14. h4 Bxd2+ 15. Qxd2 f5 16. Bb5 Bb7 17. cxd4 Qe7 18. Bf4 Qb4 19. Qxb4 Nxb4 20. Kd2 Rac8 21. Rhc1 a6 22. Bd7 Rc4 23. Bxe6+ Kg7 24. Rxc4 dxc4 25. Bg5 Bxg2 26. Bxc4 Rc8 27. Rc1 b5 28. Bf6+ Kh6 29. Bg5+ Kg7 30. Bf6+ Kf8 31. Be6 Rxc1 32. Kxc1 Nd5 33. Kd2 Be4 34. Bg5 Kg7 35. Bc8 h6 36. Bd8 Nb4 37. e6 Kf8 38. Bb6 Nd5 39. Bc5+ Ke8 40. Bxa6 Nc7 41. Bc8 Bd5 42. e7 Bxa2 43. h5 Bf7 44. hxg6 Bxg6 45. Bb7 Kf7 46. d5 Ne8 47. d6 Nf6 48. Bc6 Ke6 49. f3 f4 50. Ke2 Nd7 51. Bb4 Be8 52. Bxb5 h5 53. Kf2 Bg6 54. Kg2 Be8 55. Kh3 Kf6 56. Kh4 Kg6 57. Ba3 Kh6 58. b3 Kg6 59. Bc1 Kf5 60. Ba3 Ke6 61. Kh3 Kf5 62. Bd3+ Ke6 63. Bc4+ Kf5 64. Bb5 Ke6 65. Kg2 Ke5 66. Bc6 Kd4 67. Kh3 Ke5 68. Bxd7 Bxd7+ 69. Kh4 Kf5 70. Kxh5 Be8+ 71. Kh6 Kf6 72. Bc5 Ke6 73. b4 Kf5 74. Kg7 Ke6 75. Kf8 Kd7 76. b5 Ke6 77. Kxe8 1-0